| 000 | 00460nam a2200145Ia 4500 | ||
|---|---|---|---|
| 008 | 160216s9999 xx 000 0 und d | ||
| 100 | _aSandis, C. | ||
| 245 | _aCultural heritage ethics: between theory and practice | ||
| 245 | _cC. Sandis. | ||
| 260 | _bOpen Book Publishers | ||
| 260 | _c2014 | ||
| 650 | _xHeritage - ethics. | ||
| 650 | _xHeritage tourism - theory and practice. | ||
| 856 | _uhttp://www.openbookpublishers.com/reader/276#page/4/mode/2up | ||
| 999 |
_c290630 _d290630 |
||